MARC details
| 000 -CABECERA |
| campo de control de longitud fija |
01256nam a2200337 i 4500 |
| 001 - NÚMERO DE CONTROL |
| campo de control |
000019290 |
| 003 - IDENTIFICADOR DEL NÚMERO DE CONTROL |
| campo de control |
DO-SdBNP |
| 005 - FECHA Y HORA DE LA ÚLTIMA TRANSACCIÓN |
| campo de control |
20250715100115.0 |
| 007 - CAMPO FIJO DE DESCRIPCIÓN FÍSICA--INFORMACIÓN GENERAL |
| campo de control de longitud fija |
ta |
| 008 - DATOS DE LONGITUD FIJA--INFORMACIÓN GENERAL |
| campo de control de longitud fija |
900831s1969 sp b 000 0 spa d |
| 040 ## - FUENTE DE LA CATALOGACIÓN |
| Centro catalogador/agencia de origen |
DO-SdBNP |
| Lengua de catalogación |
spa |
| Centro/agencia transcriptor |
BNPHU |
| Normas de descripción |
rda |
| 041 ## - CÓDIGO DE LENGUA |
| Código de lengua del texto/banda sonora o título independiente |
spa |
| 082 #4 - NÚMERO DE LA CLASIFICACIÓN DECIMAL DEWEY |
| Número de clasificación |
864.5 |
| Número de documento/Ítem |
L333a 1969 |
| Número de edición |
22 |
| 100 1# - ENTRADA PRINCIPAL--NOMBRE DE PERSONA |
| Nombre de persona |
Larra, Mariano José de, |
| Fechas asociadas al nombre |
1809-1837 |
| Término indicativo de función/relación |
autor |
| Código de función/relación |
aut. |
| 9 (RLIN) |
8739 |
| 245 10 - MENCIÓN DE TÍTULO |
| Título |
Artículos de costumbres / |
| Mención de responsabilidad, etc. |
Larra ; antología dispuesta y prologada por Azorín. |
| 250 ## - MENCIÓN DE EDICIÓN |
| Mención de edición |
10a ed. |
| 264 ## - PRODUCCIÓN, PUBLICACIÓN, DISTRIBUCIÓN, FABRICACIÓN Y COPYRIGHT |
| Producción, publicación, distribución, fabricación y copyright |
Madrid, (España) : |
| Nombre del de productor, editor, distribuidor, fabricante |
Editorial Espasa-Calpe, |
| Fecha de producción, publicación, distribución, fabricación o copyright |
1969. |
| 300 ## - DESCRIPCIÓN FÍSICA |
| Extensión |
170, [16] páginas ; |
| Dimensiones |
18 cm. |
| 336 ## - TIPO DE CONTENIDO |
| Término de tipo de contenido |
texto |
| Código de tipo de contenido |
txt |
| Fuente |
rdacontent |
| 337 ## - TIPO DE MEDIO |
| Nombre/término del tipo de medio |
sin mediación |
| Código del tipo de medio |
n |
| Fuente |
rdamedia |
| 338 ## - TIPO DE SOPORTE |
| Nombre/término del tipo de soporte |
volumen |
| Código del tipo de soporte |
nc |
| Fuente |
rdacarrier |
| 490 1# - MENCIÓN DE SERIE |
| Mención de serie |
Amarilla: libros políticos y documentos de la época |
| Designación de volumen o secuencia |
306 |
| 490 1# - MENCIÓN DE SERIE |
| Mención de serie |
Austral |
| 500 ## - NOTA GENERAL |
| Nota general |
Incluye índice de autores |
| 650 #4 - PUNTO DE ACCESO ADICIONAL DE MATERIA--TÉRMINO DE MATERIA |
| Término de materia o nombre geográfico como elemento de entrada |
Ensayos españoles |
| 9 (RLIN) |
3095 |
| 650 #4 - PUNTO DE ACCESO ADICIONAL DE MATERIA--TÉRMINO DE MATERIA |
| Término de materia o nombre geográfico como elemento de entrada |
Literatura española |
| 9 (RLIN) |
632 |
| 651 #4 - PUNTO DE ACCESO ADICIONAL DE MATERIA--NOMBRE GEOGRÁFICO |
| Nombre geográfico |
España |
| Subdivisión general |
Vida Social Y Costumbres |
| -- |
Ensayos, Conferencias, Etc. |
| 9 (RLIN) |
41485 |
| 700 1# - PUNTO DE ACCESO ADICIONAL--NOMBRE DE PERSONA |
| Nombre de persona |
Martínez Ruíz, José Augusto Trinidad, |
| Títulos y otros términos asociados al nombre |
Azorín |
| Fechas asociadas al nombre |
1873-1967 |
| Término indicativo de función/relación |
prologuista |
| 9 (RLIN) |
41486 |
| 830 #0 - PUNTO DE ACCESO ADICIONAL DE SERIE-TÍTULO UNIFORME |
| Título uniforme |
Austral. |
| Nombre de parte o sección de la obra |
Amarilla: libros políticos y documentos de la época |
| Designación de volumen o secuencia |
306 |
| 9 (RLIN) |
41487 |
| 942 ## - ELEMENTOS DE PUNTO DE ACCESO ADICIONAL (KOHA) |
| Fuente del sistema de clasificación o colocación |
Dewey Decimal Classification |
| Tipo de ítem Koha |
Libro |